On This Day: July 13th Quiz Stats

 Plays Quiz Updated Jul 13, 2017

Support Sporcle.
Go Orange.
Score 0/7 Timer 03:00
0 Plays Today
Question Answer Wrong Answers
This American actor, known for his roles in the ‘Indiana Jones’ franchise among others, is born.
1942
Harrison Ford
94%
Richard Gere
0.6%
Sean Connery
1.4%
Tommy Lee Jones
1%
Alexander Butterfield reveals the existence of the ‘Nixon Tapes’ to the special Senate committee investigating the ______ break-in.
1973
Watergate
92.6%
White House
2.3%
Music Hall
0.8%
Chicago Coliseum
0.7%
Following a referendum commonly known as this, UK Prime Minister David Cameron resigns, and is succeeded by Theresa May.
2016
Brexit
88.9%
EU Exodus
3.1%
Royal Withdrawal
2.5%
Adieu EU
1.1%
Amidst a period of financial and social turmoil, New York City experiences a ______ lasting nearly 24 hours that leads to widespread fires and looting.
1977
Blackout
76.5%
Tropical Storm
1.8%
Blizzard
3.4%
Riot
14.3%
The Hollywood Sign is dedicated in the Hollywood Hills, Los Angeles. It originally reads ______.
1923
Hollywoodland
68.2%
The Hollywood
5.8%
Hollywood Hills
22%
Holly Hills
1.7%
The Treaty of Berlin is signed, and the European powers redraw the map of the Balkans. Serbia, Montenegro and Romania become completely independent of this power.
1878
Ottoman Empire
52.5%
Austria-Hungary
40.9%
Greece
2.3%
Italy
2.7%
The Continental Congress enacts the Northwest Ordinance establishing governing rules for the Northwest Territory of the River ______.
1787
Ohio
38.9%
Mississippi
29.7%
Columbia
15.3%
Colorado
16%

You're not logged in!

Compare scores with friends on all Sporcle quizzes.
OR
Log In
Forgot?

From the Vault

NHL All Time Hockey Teams by Location

by jhlzq3

The NHL's history is just as wild as the rest of the Big 4 sports, only it's much, much colder.
Remove Ads.
Support Sporcle.
Get the best of Sporcle when you Go Orange. This ad-free experience offers more features, more stats, and more fun while also helping to support Sporcle. Thank you for becoming a member.

Show Comments

Extras

Top Quizzes Today


Score Distribution

Your Account Isn't Verified!

In order to create a playlist on Sporcle, you need to verify the email address you used during registration. Go to your Sporcle Settings to finish the process.

Report this User

Report this user for behavior that violates our Community Guidelines.

Details: